000 00692nam a2200229 u 4500
005 20240413063733.0
008 140207s2011 r 000 0 eng d
020 _a9786079556310
035 _aUPN01000195558
049 _aCG
050 4 _aF1233
_bP3.2
100 1 _aPalou Pérez, Pedro Angel,
_d1932-
_935124
245 1 0 _a5 de mayo de 1862 /
_cPedro Angel Palou.
260 _aXalapa :
_bLas Animas :
_bSEP,
_c2011.
300 _a335 p. :
_bil. col.
500 _aEdición bilingüe
651 4 _aMéxico
_xHistoria
_yIntervención y Segundo Imperio, 1861-1867
_910588
650 4 _aPUEBLA, BATALLA DE, 1862
_94549
740 0 _aMay 5th, 1862
905 _aLibro
999 _c167659
_d167659